LEADER 00582naa a2200157 i 4500 001 000000298658 003 CaOOAMICUS 005 20180831172628.0 008 180831n xx u000 u und u 013 $a6269 040 $aSeMil$bita 100 1 $aColombo, Roberto.$0(OLS)http://semarc/name/4446 245 10$aVita :$bdalla biologia all'etica. 650 4$aVita umana.$0(OLS)http://semarc/subject/3153 773 0 $tQuale vita?.$dMilano : Alberto Mondadori, copyr. 1998.$kLeonardo saggistica$z88-04-44738-9$w()65169 996 $6245$aVita :$bdalla biologia all'etica$9(OLS)http://semarc/title/374677 LEADER 01328nam a2200289 i 4500 001 000000211039 003 CaOOAMICUS 005 20120217000000.0 008 120217s2011 it u000 u ita u 013 $a189852 020 $a978-88-8419-525-8 040 $aSeMil$bita 100 1 $aSantucci, Luigi,$d<1918-1999>.$0(OLS)http://semarc/name/10748 245 12$aI nidi delle cicogne e altri scritti inediti /$cLuigi Santucci ; a cura di Marco Beck ; premessa di Gianfranco Ravasi ; introduzione di Ermanno Paccagnini. 260 $aTorino :$bNino Aragno,$c2011. 300 $aXXXIX, 364 p. ;$c24 cm. 490 0 $aBiblioteca Aragno 700 1 $aPaccagnini, Ermanno.$0(OLS)http://semarc/name/14066 700 1 $aBeck, Marco,$d<1949- >.$0(OLS)http://semarc/name/4706 700 1 $aRavasi, Gianfranco,$c.$0(OLS)http://semarc/name/244 830 0$aBiblioteca Aragno.$0(OLS)http://semarc/title/19611 850 $aSeMil 852 $aSeMil$W1$xVenegono$y1$m1P IV 78$j161486$B161486$CSeMilBibl$Z2$F172938 $81 961 $aAcquisto: L.S. srl 996 $6020$a978-88-8419-525-8$9(OLS)http://semarc/number/206153 996 $6245$aI nidi delle cicogne e altri scritti inediti$9(OLS)http://semarc/title/304910 996 $6260$aTorino :$bNino Aragno$9(OLS)http://semarc/publisher/32366